[Event "Euro Online U2300 Day 1"]
[Site "chess.com INT"]
[Date "2020.05.25"]
[Round "7"]
[White "Eminov, Orkhan"]
[Black "Budisavljevic, Luka"]
[Result "1-0"]
[WhiteTitle "FM"]
[BlackTitle "FM"]
[WhiteElo "2327"]
[BlackElo "2444"]
[WhiteFideId "13402153"]
[BlackFideId "960047"]
[EventDate "2020.05.25"]

1. e4 c5 2. Nf3 e6 3. c3 d5 4. exd5 Qxd5 5. d4 Nf6 6. Bd3 Be7 7. O-O O-O 8. c4
Qh5 9. dxc5 Qxc5 10. Nc3 Nc6 11. a3 Qh5 12. Qe2 b6 13. b4 Bb7 14. Bb2 Rfd8 15.
Rad1 Rd7 16. Ne4 Nxe4 17. Bxe4 Rad8 18. Rxd7 Rxd7 19. Rd1 Rxd1+ 20. Qxd1 f5 21.
Bc2 Qe8 22. Qe2 Qd7 23. b5 Nd8 24. Ne5 Qd6 25. Qh5 Qd2 26. Qd1 Qxd1+ 27. Bxd1
Bf6 28. f4 Nf7 29. a4 Nd6 30. Kf2 Bxe5 31. Bxe5 Nxc4 32. Bb8 a6 33. bxa6 Bxa6
34. Be2 b5 35. Bxc4 bxc4 36. Ke3 Bb7 37. g3 Kf7 38. Kd4 Bd5 39. Kc5 c3 40. Be5
c2 41. Bb2 Kg6 42. Kd4 Kh5 43. h3 g5 44. Ke3 Be4 45. a5 Bg2 46. a6 Kg6 47. a7 h6
48. Kd2 Be4 49. Ke3 Kh5 50. Bc1 Bd5 51. Bb2 Bc6 52. Bc1 Be4 53. Bb2 Kg6 54. Bc1
gxf4+ 55. Kxf4 Kf6 56. Bb2+ Kf7 57. g4 Kg6 58. h4 Bb7 59. h5+ Kf7 60. g5 hxg5+
61. Kxg5 c1=Q+ 62. Bxc1 Kg7 63. h6+ Kh7 64. Kf6 Bd5 65. Bf4 Be4 66. Kxe6 Kg6 67.
Kd6 Kh7 68. Kc7 Kg6 69. Kb8 Kh7 70. a8=Q Bxa8 71. Kxa8 Kg6 72. Kb7 Kf7 73. Kc6
Kf6 74. Kd6 Kf7 75. Ke5 Kg6 76. Ke6 Kh7 77. Kxf5 Kg8 78. Kg6 Kh8 79. Be5+ Kg8
80. h7+ Kf8 81. h8=Q+ Ke7 1-0

[Event "Euro Online U2300 Day 1"]
[Site "chess.com INT"]
[Date "2020.05.25"]
[Round "7"]
[White "Plaskan, Jure"]
[Black "Sedykh, Mikhail"]
[Result "1/2-1/2"]
[WhiteElo "2175"]
[BlackElo "2119"]
[WhiteFideId "14605252"]
[BlackFideId "447498"]
[EventDate "2020.05.25"]

1. e4 e5 2. Nf3 Nf6 3. Nxe5 d6 4. Nf3 Nxe4 5. Nc3 Nf6 6. d4 Be7 7. Bd3 b6 8. Bf4
Bb7 9. Qd2 Nbd7 10. O-O-O O-O 11. Bf5 Re8 12. h4 Nd5 13. Nxd5 Bxd5 14. Qd3 Nf8
15. c4 Be6 16. g4 d5 17. Ng5 dxc4 18. Bxh7+ Kh8 19. Qc2 g6 20. Be5+ Bf6 21. Nxe6
Rxe6 22. h5 Bxe5 23. hxg6 Qg5+ 24. Kb1 Bf4 25. gxf7 Kg7 26. Be4 Rd8 27. Rh5 Qxg4
28. Rdh1 Rh6 29. Rxh6 Bxh6 30. f3 Qg3 31. Qxc4 Qg2 32. Rf1 Be3 33. a3 Rxd4 34.
Qb5 c5 35. Ka2 Rd2 36. Rb1 Bd4 37. f4 Qxe4 38. Qe8 Qd5+ 39. Ka1 Bxb2+ 40. Rxb2
Rd1+ 41. Rb1 Qd4+ 42. Ka2 Rd2+ 43. Kb3 Qd3+ 44. Ka4 Qa6+ 45. Kb3 Qd3+ 46. Ka4
Qd7+ 47. Qxd7 Rxd7 48. Kb5 Rxf7 49. a4 Rxf4 50. a5 bxa5 51. Kxc5 a4 52. Rb7+ Rf7
53. Rb4 Nd7+ 54. Kc6 Ne5+ 55. Kd5 Nd3 56. Rxa4 Kf8 57. Kd6 Ke8 58. Ra3 Nf4 59.
Kc6 Kd8 60. Rb3 a5 61. Rb8+ Ke7 62. Rb7+ Ke6 63. Rxf7 Kxf7 64. Kb5 a4 65. Kxa4 1/2-1/2

[Event "Euro Online U2300 Day 1"]
[Site "chess.com INT"]
[Date "2020.05.25"]
[Round "7"]
[White "Astafurov, Arseniy"]
[Black "Tymoshenko, Ihor"]
[Result "1-0"]
[WhiteTitle "FM"]
[BlackTitle "FM"]
[WhiteElo "2330"]
[BlackElo "2306"]
[WhiteFideId "24175218"]
[BlackFideId "14105519"]
[EventDate "2020.05.25"]

1. c4 e6 2. Nf3 d5 3. g3 Nf6 4. Bg2 c5 5. O-O Nc6 6. cxd5 exd5 7. d4 Be7 8. Nc3
O-O 9. dxc5 Bxc5 10. a3 a6 11. b4 Ba7 12. Bb2 Re8 13. Na4 Ne4 14. Rc1 Bg4 15.
Qd3 Qd6 16. Nc5 Nxc5 17. bxc5 Qe6 18. Rfe1 Rad8 19. Nd4 Qe7 20. Nxc6 bxc6 21.
Bd4 Bc8 22. Qc3 f6 23. Rb1 Qc7 24. Rbd1 a5 25. Bf3 Ba6 26. h4 Bc4 27. h5 h6 28.
Kg2 a4 29. e3 Qe7 30. Qa5 Bb3 31. Rc1 Bb8 32. Rh1 Be5 33. Rh4 Qc7 34. Qc3 Rb8
35. Rg4 Bc4 36. Bd1 Bb3 37. Be2 Re6 38. Bd3 Rbe8 39. Bb1 Qf7 40. Qd3 f5 41. Qxf5
Qxf5 42. Bxf5 Rf6 43. Bc2 Bxd4 44. Rxd4 Rb8 45. Bxb3 Rxb3 46. Rxa4 Rb2 47. Rf4
Re6 48. Rc3 Re5 49. g4 Re7 50. Rb4 Ra2 51. Kg3 Kf7 52. Rb6 Rc7 53. Rcb3 Kf6 54.
f3 Ra1 55. Kf4 Ra2 56. Ra6 Ra1 57. Rbb6 Kf7 58. Rxc6 Rxc6 59. Rxc6 Rxa3 60. Rd6
Rd3 61. c6 Rc3 62. Rd7+ Kf6 63. c7 Rc4+ 64. Kg3 Rc3 65. Rxd5 Rxc7 66. e4 Kf7 67.
Kf4 Rc3 68. Rd4 1-0

[Event "Euro Online U2300 Day 1"]
[Site "chess.com INT"]
[Date "2020.05.25"]
[Round "7"]
[White "Antonica, Dragos-Andrei"]
[Black "Kopylov, Daniel"]
[Result "1-0"]
[WhiteTitle "FM"]
[WhiteElo "2301"]
[BlackElo "2348"]
[WhiteFideId "1246372"]
[BlackFideId "12921971"]
[EventDate "2020.05.25"]

1. d4 Nf6 2. Nf3 g6 3. c4 Bg7 4. Nc3 d5 5. cxd5 Nxd5 6. Bd2 O-O 7. e4 Nb6 8. Be2
Bg4 9. Be3 Nc6 10. d5 Bxf3 11. Bxf3 Ne5 12. O-O Nbc4 13. Bc1 c6 14. Be2 cxd5 15.
exd5 Rc8 16. Qb3 Nd6 17. Be3 Nec4 18. Bf4 Nxb2 19. Rac1 Nbc4 20. Bxc4 Nxc4 21.
Qxb7 Nd6 22. Bxd6 Qxd6 23. Nb5 Qb8 24. Qxb8 Rxb8 25. Nxa7 Ra8 26. Nc6 Rxa2 27.
Nxe7+ Kh8 28. Rfd1 Bf6 29. d6 Kg7 30. Nc6 Re8 31. d7 Ree2 32. Rf1 Rad2 33. Rcd1
Rxf2 34. Rxd2 Rxd2 35. Rxf6 Rxd7 36. Rf1 h5 37. Ne5 Re7 38. Nf3 f6 39. Re1 Ra7
40. Kf2 g5 41. Re2 Kg6 42. h3 Ra4 43. Rd2 Rb4 44. Rd4 Rb2+ 45. Kg3 Rb3 46. Kh2
Rb2 47. Rd2 Rb3 48. Nd4 Ra3 49. g4 hxg4 50. hxg4 Ra4 51. Kg3 Ra3+ 52. Kg2 Ra4
53. Kf3 Ra3+ 54. Kf2 Ra4 55. Ke3 Ra3+ 56. Rd3 Ra1 57. Nf5 Rg1 58. Kf3 Rf1+ 59.
Kg2 Rf4 60. Kg3 Kf7 61. Rd7+ Ke6 62. Re7+ Kd5 63. Re3 Ra4 64. Nh6 Ra6 65. Ng8
Kd4 66. Rf3 Ke5 67. Rf5+ Ke4 68. Nxf6+ Ke3 69. Nh7 Ra1 70. Nxg5 Rg1+ 71. Kh4
Rh1+ 72. Nh3 Ke4 73. Rf8 Ke5 74. Kg3 Ke6 75. g5 Ke7 76. Rf2 Rb1 77. Kg4 Rb4+ 78.
Nf4 Rb3 79. Re2+ Kf7 80. Kf5 Rb5+ 81. Re5 Rb6 82. g6+ Kg8 83. Nh5 Rb7 84. Re8# 1-0

[Event "Euro Online U2300 Day 1"]
[Site "chess.com INT"]
[Date "2020.05.25"]
[Round "7"]
[White "Pedersen, Henrik Dahl"]
[Black "Lahdelma, Henri"]
[Result "1-0"]
[WhiteElo "2225"]
[BlackElo "2264"]
[WhiteFideId "1404199"]
[BlackFideId "510394"]
[EventDate "2020.05.25"]

1. d4 d5 2. Nf3 Nf6 3. Bf4 e6 4. e3 Bd6 5. Bd3 Bxf4 6. exf4 Qd6 7. Qd2 c5 8.
dxc5 Qxc5 9. O-O O-O 10. c3 b6 11. Qe2 a5 12. Nbd2 Ba6 13. Nb3 Qc7 14. Ne5 Bxd3
15. Qxd3 Nbd7 16. Nxd7 Nxd7 17. g3 Nc5 18. Nxc5 bxc5 19. b3 Rfc8 20. c4 d4 21.
Rab1 Qd6 22. Rfe1 a4 23. a3 axb3 24. Rxb3 Ra4 25. Reb1 g6 26. h4 h5 27. Rb6 Qd8
28. R1b3 Rca8 29. Rb7 Kg7 30. Kh2 R8a5 31. Qe4 Qf6 32. Rc7 Ra7 33. Rxc5 Rxa3 34.
Rxa3 Rxa3 35. Rc7 Rc3 36. c5 d3 37. Qe3 Rc2 38. Kg2 Qc3 39. Rd7 d2 40. Qxc3+
Rxc3 41. Rxd2 Rxc5 42. Kf3 Kf6 43. Rd3 Rb5 44. Rc3 Kf5 45. Kg2 f6 46. Rc2 Rd5
47. Rc8 Ra5 48. Rb8 Ra3 49. Rb5+ e5 50. fxe5 fxe5 51. f4 Ra2+ 52. Kf1 Ra1+ 53.
Kf2 Ra2+ 54. Ke1 Ra1+ 55. Kd2 Ra2+ 56. Kd1 Ra1+ 57. Kc2 Ra2+ 58. Kb3 Re2 59. Kc4
Kg4 60. Rxe5 Rf2 61. Rg5+ Kh3 62. Rxg6 Rf3 63. Kd4 Rf1 64. Ke5 Ra1 65. Rg5 Ra5+
66. Kf6 Ra6+ 67. Kg7 Ra7+ 68. Kh6 Ra8 69. Kxh5 Kg2 70. f5 Kf3 71. f6 1-0

[Event "Euro Online U2300 Day 1"]
[Site "chess.com INT"]
[Date "2020.05.25"]
[Round "7"]
[White "Nemec, Jachym"]
[Black "Xylogiannopoulos, Antonios"]
[Result "0-1"]
[WhiteElo "2110"]
[BlackElo "2267"]
[WhiteFideId "23716525"]
[BlackFideId "4215133"]
[EventDate "2020.05.25"]

1. Nf3 e6 2. g3 f5 3. Bg2 Nf6 4. O-O d6 5. c4 Be7 6. d4 O-O 7. Nc3 Ne4 8. Qc2
Nxc3 9. Qxc3 Bf6 10. Rd1 Qe7 11. Qc2 Nc6 12. b3 e5 13. Bb2 e4 14. Ne1 Bd7 15. e3
Rad8 16. a3 Qf7 17. Rac1 Qh5 18. Bf1 g5 19. Qe2 Qg6 20. Ng2 Ne7 21. Kh1 Be6 22.
d5 Bxb2 23. Qxb2 Bd7 24. Be2 Qf6 25. Qxf6 Rxf6 26. h4 h6 27. b4 Rff8 28. h5 Ra8
29. Ra1 a5 30. Kg1 Ra7 31. b5 b6 32. Kf1 Kg7 33. Ke1 Ng8 34. Kd2 Nf6 35. Kc3 Be8
36. Rh1 Nd7 37. Rad1 Ne5 38. Kd4 Bd7 39. a4 Raa8 40. Rhf1 Rae8 41. Kc3 Re7 42.
Rd2 Be8 43. Rh1 Nd7 44. Ra2 Nc5 45. Kd4 Kf6 46. Rb1 Bf7 47. Rh1 Nb3+ 48. Kc3 Nc5
49. Kd4 Be8 50. Rb1 Ref7 51. Rf1 Re7 52. Rh1 Re5 53. Rb1 Bd7 54. Rh1 Nb7 55. Rb1
Nd8 56. Rh1 Nf7 57. Rb1 Kg7 58. Rh1 Be8 59. Rg1 Nd8 60. Rh1 Nb7 61. Raa1 Rf6 62.
Ra2 Bf7 63. Rb1 Nc5 64. Rh1 Nd7 65. Kc3 Be8 66. Kd4 Rf8 67. Kc3 Nf6 68. Kd4 Bf7
69. Rc2 Nd7 70. Ra2 Bg8 71. Kc3 Nc5 72. Kd4 Nd7 73. Kc3 Nf6 74. Kd4 Nxd5 75.
cxd5 Rxd5+ 76. Kc3 Rc5+ 77. Kd2 Bxa2 78. Ra1 Bb3 79. Ra3 Bf7 80. Ne1 Rd5+ 81.
Kc1 Re8 82. Rc3 Rc5 83. Rxc5 dxc5 84. Kc2 Bd5 85. Kc3 c6 86. Nc2 cxb5 87. Bxb5
Rd8 88. Be2 Kf6 89. Na3 g4 90. Nb5 Kg5 91. Na3 Kxh5 92. Nc2 Kg5 93. Ne1 h5 94.
Ng2 Bc6 95. Kb3 Rd2 96. Nf4 Bd7 97. Ka3 h4 98. gxh4+ Kxh4 99. Kb3 g3 100. fxg3+
Kxg3 101. Kc3 Ra2 102. Nh5+ Kf2 103. Bb5 Bxb5 104. axb5 Kxe3 0-1

[Event "Euro Online U2300 Day 1"]
[Site "chess.com INT"]
[Date "2020.05.25"]
[Round "7"]
[White "Suleymanli, Aydin"]
[Black "Skatchkov, Valery"]
[Result "1/2-1/2"]
[WhiteTitle "IM"]
[BlackTitle "FM"]
[WhiteElo "2512"]
[BlackElo "2242"]
[WhiteFideId "13413937"]
[BlackFideId "24195812"]
[EventDate "2020.05.25"]

1. d4 Nf6 2. c4 e6 3. Nc3 Bb4 4. e3 O-O 5. Ne2 b6 6. a3 Be7 7. Ng3 Bb7 8. Bd3 d6
9. e4 Nbd7 10. f4 c5 11. d5 exd5 12. exd5 Re8 13. O-O Bf8 14. b3 g6 15. f5 Bg7
16. Bg5 Qc7 17. Nb5 Qb8 18. Ra2 a6 19. Nc3 b5 20. Raf2 Rf8 21. Kh1 Qc7 22. Nce4
Nxe4 23. Nxe4 Bd4 24. Be7 Bxf2 25. Bxd6 Qb6 26. Bxf8 Rxf8 27. Rxf2 Ne5 28. fxg6
hxg6 29. Nf6+ Kg7 30. Qa1 Qd6 31. Ne4 Qb8 32. d6 f6 33. Nxc5 Qxd6 34. Nxb7 Qxd3
35. cxb5 Qxb5 36. Nd6 Qxb3 37. Rd2 Rb8 38. h3 Qb1+ 39. Qxb1 Rxb1+ 40. Kh2 Ra1
41. Ne8+ Kf7 42. Nd6+ Ke7 43. Nc8+ Kf7 44. Nd6+ Ke6 45. Ne4 Rxa3 46. Rd6+ Ke7
47. Rb6 Nd7 48. Rb7 Ke6 49. Ra7 a5 50. Ra6+ Ke5 51. Nd6 Nc5 52. Rxa5 Rxa5 53.
Nc4+ Kd5 54. Nxa5 Ne6 55. Nb3 Kc4 56. Nd2+ Kd5 57. Kg3 Ng7 58. Kf4 Nh5+ 59. Kf3
Ng7 60. g4 Ke6 61. Ne4 Ne8 62. Kf4 Nc7 63. h4 Nd5+ 64. Kf3 Ne7 65. h5 gxh5 66.
gxh5 Ng8 67. Nf2 Nh6 68. Kf4 Nf7 69. Ne4 Nh6 70. Nc5+ Kf7 71. Nd3 Kg7 72. Nb4
Nf7 73. Nc6 Kh6 74. Kf5 Kxh5 75. Kxf6 1/2-1/2

[Event "Euro Online U2300 Day 1"]
[Site "chess.com INT"]
[Date "2020.05.25"]
[Round "7"]
[White "Jusic, Zdenko"]
[Black "Jocev, Milan"]
[Result "0-1"]
[WhiteTitle "IM"]
[BlackTitle "FM"]
[WhiteElo "2254"]
[BlackElo "2258"]
[WhiteFideId "14501902"]
[BlackFideId "900680"]
[EventDate "2020.05.25"]

1. e4 e6 2. d4 d5 3. Nd2 Nf6 4. e5 Nfd7 5. f4 c5 6. Ngf3 Nc6 7. Bd3 cxd4 8. O-O
f6 9. a3 a5 10. Nb3 Qb6 11. a4 Nc5 12. Nbxd4 Ne4 13. Bb5 Bc5 14. c3 O-O 15. Be3
Bd7 16. Kh1 fxe5 17. fxe5 Rf7 18. Qe1 Raf8 19. Rd1 Nxd4 20. cxd4 Bb4 21. Qe2
Bxb5 22. axb5 h6 23. Rc1 g5 24. g4 Qd8 25. Kg2 Kg7 26. h3 Rh8 27. Nh2 Rhf8 28.
Rxf7+ Rxf7 29. Nf3 Rc7 30. h4 Rxc1 31. Bxc1 Qc7 32. Qd1 Be7 33. h5 Qc4 34. Qf1
Qc2+ 35. Kh3 Nf2+ 36. Kg3 Nd3 37. Bd2 a4 38. Ne1 Qxd2 39. Nxd3 Qe3+ 40. Qf3 Qxd4
41. Kg2 Qc4 42. b6 Qc2+ 43. Kg3 Qc6 44. Nf2 Qxb6 45. Qd3 Qb3 46. Kg2 Qxd3 47.
Nxd3 b5 48. Kf3 b4 49. Ke2 a3 50. bxa3 bxa3 51. Nc1 Bc5 52. Kd3 Kf7 53. Nb3 Bb4
54. Nc1 Ke7 55. Na2 Bc5 56. Nc1 Kd7 57. Kc3 Kc6 58. Nd3 Kb5 59. Kb3 Bd4 60. Kxa3
Kc4 61. Ne1 Bxe5 62. Ka2 Bf4 63. Kb1 e5 64. Kc2 e4 65. Ng2 d4 66. Ne1 d3+ 67.
Kd1 e3 68. Nf3 e2+ 69. Ke1 Kc3 70. Kf2 Bd2 71. Ne1 Bxe1+ 72. Kxe1 Kc2 73. Kf2
Kd2 74. Kf3 e1=Q 75. Kg2 Ke3 76. Kh3 Kf3 77. Kh2 Qf2+ 78. Kh1 Qg2# 0-1

[Event "Euro Online U2300 Day 1"]
[Site "chess.com INT"]
[Date "2020.05.25"]
[Round "7"]
[White "Martinkus, Rolandas"]
[Black "Kacharava, Nikolozi"]
[Result "1-0"]
[WhiteTitle "FM"]
[BlackTitle "IM"]
[WhiteElo "2117"]
[BlackElo "2437"]
[WhiteFideId "12800481"]
[BlackFideId "13611860"]
[EventDate "2020.05.25"]

1. Nf3 Nf6 2. c4 d6 3. d4 g6 4. Nc3 Bf5 5. Nh4 Bd7 6. e4 Bg7 7. h3 O-O 8. Nf3 e5
9. d5 Na6 10. Be3 b6 11. Nd2 Nh5 12. g3 h6 13. Be2 Nf6 14. g4 Nh7 15. h4 Qe8 16.
Rg1 Nc5 17. b4 Na4 18. Nxa4 Bxa4 19. Nb3 a5 20. b5 f6 21. Qd2 g5 22. Nc1 gxh4
23. Nd3 Ng5 24. f3 Bxb5 25. cxb5 Qxb5 26. Nf2 Qd7 27. Rh1 c5 28. Rxh4 b5 29. Nh1
c4 30. Ng3 Rfc8 31. Nf5 c3 32. Qd3 Nf7 33. Kf2 c2 34. Rah1 b4 35. Qd2 Qc7 36.
Bxh6 Nxh6 37. Nxh6+ Kf8 38. Rc1 Qc3 39. Qxc3 Rxc3 40. Nf5 a4 41. Ke1 b3 42. Kd2
b2 43. Rhh1 bxc1=Q+ 44. Rxc1 Rc5 45. Rxc2 Rxc2+ 46. Kxc2 Rc8+ 47. Kb2 Rd8 48.
Ka3 Kg8 49. Kxa4 Ra8+ 50. Kb3 Rb8+ 51. Kc2 Rc8+ 52. Kd2 Ra8 53. Bc4 Bf8 54. Kc3
Kh7 55. Kb4 Rb8+ 56. Bb5 Bh6 57. a4 Bd2+ 58. Kc4 Rb6 59. Ne7 Rb7 60. Nc6 Kg6 61.
a5 Rc7 62. a6 Be3 63. Kb4 Kg5 64. Be2 Kf4 65. Kb5 Kg3 66. Bd1 Kf2 67. Kc4 Ke1
68. Kd3 Bb6 69. Bb3 Rh7 70. Kc4 Kf2 71. Kb5 Be3 72. Na5 Kxf3 73. Nc4 Kxe4 74.
Bc2+ Kf4 75. Bxh7 Ba7 76. Nxd6 Kxg4 77. Ne4 f5 78. d6 fxe4 79. Bxe4 Kf4 80. d7
Kxe4 81. d8=Q Kf4 82. Qf8+ 1-0

[Event "Euro Online U2300 Day 1"]
[Site "chess.com INT"]
[Date "2020.05.25"]
[Round "7"]
[White "Green, Andrew D"]
[Black "Yelisieiev, Yevhenii"]
[Result "0-1"]
[WhiteTitle "CM"]
[BlackTitle "IM"]
[WhiteElo "2154"]
[BlackElo "2407"]
[WhiteFideId "2401762"]
[BlackFideId "14139642"]
[EventDate "2020.05.25"]

1. e4 d6 2. d4 Nf6 3. Nc3 e5 4. Nf3 Nbd7 5. Bc4 Be7 6. a4 O-O 7. O-O c6 8. h3 a5
9. Re1 Nb6 10. Ba2 Nfd7 11. d5 Nc5 12. Be3 Nbxa4 13. Nxa4 Nxa4 14. c4 Nb6 15. c5
Nd7 16. cxd6 Bxd6 17. dxc6 Nf6 18. Qa4 Qe7 19. Red1 Bb4 20. Bg5 h6 21. Bd2 Bxd2
22. Nxd2 bxc6 23. Nc4 Nh5 24. Nd6 Nf4 25. Qxc6 Qg5 26. g3 Be6 27. Bxe6 Nxe6 28.
Nf5 Rfc8 29. Qd5 Nf4 30. Qxe5 Nxh3+ 31. Kg2 Re8 32. Qc7 Rxe4 33. Qc6 Rae8 34.
Kxh3 Qxf5+ 35. Kg2 Re2 36. Qf3 Qxf3+ 37. Kxf3 Rxb2 38. Rxa5 Ree2 39. Rf1 g5 40.
g4 Kg7 41. Kg3 Rb3+ 42. f3 Ree3 43. Ra6 Rec3 44. Ra5 Rc6 45. Rh1 Rf6 46. Rf1 Kg6
47. Rc5 h5 48. gxh5+ Kxh5 49. Rh1+ Kg6 50. Rf1 Rf4 51. Rd5 f6 52. Rf2 Ra3 53.
Rd6 Rf5 54. Rc6 Ra4 55. Rb6 Raf4 56. Rb8 Kg7 57. Rb7+ Kg6 58. Rb8 Ra4 59. Rc8
Rff4 60. Rg8+ Kf7 61. Rb8 g4 62. Rb7+ Kg6 63. Rb8 gxf3 64. Rxf3 Rxf3+ 65. Kxf3
Ra3+ 66. Kf2 Kg5 67. Rb4 Rh3 68. Kg2 Rh4 69. Rb3 Rg4+ 70. Kf2 Rf4+ 71. Kg2 Kg4
72. Ra3 Rb4 73. Kf2 Rb2+ 74. Kf1 f5 75. Rc3 Ra2 76. Rb3 Rc2 77. Ra3 Rh2 78. Rb3
Rh3 79. Rb4+ f4 80. Rb8 Ra3 81. Rf8 Kg3 82. Rg8+ Kf3 83. Rf8 Ra1# 0-1

[Event "Euro Online U2300 Day 1"]
[Site "chess.com INT"]
[Date "2020.05.25"]
[Round "7"]
[White "Melnikov, Sergey"]
[Black "Tarasova, Viktoriya"]
[Result "1-0"]
[BlackTitle "WIM"]
[WhiteElo "2039"]
[BlackElo "2226"]
[WhiteFideId "34141062"]
[BlackFideId "4175840"]
[EventDate "2020.05.25"]

1. d4 Nf6 2. c4 e6 3. Nf3 b6 4. g3 Ba6 5. b3 d5 6. Bg2 Nbd7 7. Qc2 Bd6 8. O-O
O-O 9. Nbd2 Rc8 10. cxd5 exd5 11. Re1 c5 12. Qf5 g6 13. Qg5 Be7 14. Qh6 Ng4 15.
Qf4 f5 16. Ne5 Ndxe5 17. dxe5 Bg5 18. Qa4 Bb7 19. Nf3 Bxc1 20. Raxc1 a6 21. h3
Nh6 22. Qf4 Nf7 23. e6 Nd6 24. Ng5 h6 25. Nf7 Nxf7 26. exf7+ Kh7 27. Rcd1 Rxf7
28. e4 d4 29. exf5 Rxf5 30. Qd2 Bxg2 31. Kxg2 Qd5+ 32. Kh2 Rcf8 33. f4 g5 34.
Re7+ R8f7 35. Rxf7+ Qxf7 36. Qd3 Kg7 37. Rg1 b5 38. Qe4 Qf6 39. Qb7+ Kg6 40. Qe4
Qd6 41. Rg2 Qd5 42. Qe8+ Kg7 43. Qe7+ Rf7 44. Qe2 d3 45. Qd2 Re7 46. fxg5 hxg5
47. Qc3+ Qd4 48. Qd2 Kg6 49. Qa5 Qd6 50. Qd2 c4 51. bxc4 bxc4 52. Kh1 Re5 53. h4
Qe6 54. Kh2 Qg4 55. Qb2 Qe6 56. Qd2 g4 57. Qf4 Kh7 58. Qf2 Re2 59. Qa7+ Kg6 60.
h5+ Kh6 61. Qd4 Rxg2+ 62. Kxg2 Qe2+ 63. Kg1 Qe1+ 64. Kh2 Qd2+ 65. Kg1 Qc1+ 66.
Kg2 Qc2+ 67. Kg1 Qb1+ 68. Kg2 Qxa2+ 69. Kg1 Qb1+ 70. Kg2 Qc2+ 71. Kg1 Qd1+ 72.
Kg2 Qe2+ 73. Kg1 Kxh5 74. Qh8+ Kg6 75. Qg8+ Kf6 76. Qf8+ Ke6 77. Qe8+ Kd5 78.
Qd7+ Kc5 79. Qc7+ Kb4 80. Qd6+ Kc3 81. Qa3+ Kc2 82. Qa2+ Kc3 83. Qa3+ Kd2 84.
Qb2+ Ke3 85. Qe5+ Kf3 86. Qf4# 1-0

[Event "Euro Online U2300 Day 1"]
[Site "chess.com INT"]
[Date "2020.05.25"]
[Round "7"]
[White "Rusu, Vlad"]
[Black "Mirimanian, Hayk"]
[Result "1/2-1/2"]
[BlackTitle "FM"]
[WhiteElo "1833"]
[BlackElo "2268"]
[WhiteFideId "55623344"]
[BlackFideId "4700180"]
[EventDate "2020.05.25"]

1. e4 c5 2. Nf3 e6 3. c3 d5 4. exd5 exd5 5. d4 Nc6 6. Bb5 Bd6 7. O-O Ne7 8. Nbd2
a6 9. Bxc6+ bxc6 10. dxc5 Bxc5 11. Nb3 Bd6 12. Nbd4 O-O 13. Bg5 f6 14. Bh4 Rb8
15. Qd2 Qb6 16. b3 Bg4 17. Rae1 c5 18. Nc2 Rbd8 19. Bg3 Rd7 20. Qe3 Bf5 21. Re2
Be4 22. Rfe1 Nf5 23. Qc1 Nxg3 24. hxg3 Qc6 25. Nd2 Bg6 26. b4 Be5 27. Rxe5 fxe5
28. Nf3 Rc7 29. Nxe5 Qf6 30. Ng4 Qxc3 31. Nce3 cxb4 32. Qxc3 bxc3 33. Nxd5 Rc5
34. Ne7+ Kh8 35. Nxg6+ hxg6 36. Rc1 Rb8 37. Kf1 Rb2 38. Ne3 Rxa2 39. Nc2 Rb2 40.
Ke2 Rd5 41. Ke3 Rd2 42. Nd4 Rxf2 43. Rxc3 Rxg2 44. Kf3 Rgd2 45. Ne6 Rf2+ 46. Kg4
Rb4+ 47. Kh3 a5 48. Nf4 Kh7 49. Rc1 Rd2 50. Kg4 a4 51. Rh1+ Kg8 52. Kg5 a3 53.
Rc1 Rb5+ 54. Kg4 a2 55. Nxg6 Rb1 56. Rc8+ Kf7 57. Ne5+ Ke6 58. Nf3 a1=Q 59. Nxd2
Qa4+ 60. Kf3 Qd1+ 61. Ke3 Qe1+ 62. Kd3 Qxg3+ 63. Kc2 Rb6 64. Rc3 Qe5 65. Nc4
Qf5+ 66. Kd2 Rb7 67. Re3+ Kf7 68. Nd6+ Kf6 69. Nxf5 Kxf5 70. Ke2 Kg4 71. Kf2
Rb2+ 72. Kg1 Rd2 73. Re7 g5 74. Re3 Kf4 75. Ra3 Kg4 76. Re3 Kh4 77. Ra3 Rb2 78.
Re3 g4 79. Ra3 Rb4 80. Rc3 Rf4 81. Ra3 Kg5 82. Ra5+ Kh4 83. Ra3 Rb4 84. Rc3 Rb2
85. Ra3 Rb8 86. Rc3 Rb1+ 87. Kg2 Rb2+ 88. Kg1 Ra2 89. Rb3 Ra4 90. Kg2 Kg5 91.
Rb5+ Kf4 92. Rb3 Ra2+ 93. Kg1 Re2 94. Kf1 Rd2 95. Kg1 Rd4 96. Ra3 Re4 97. Rb3
Re2 98. Ra3 Rd2 99. Rb3 Re2 1/2-1/2

[Event "Euro Online U2300 Day 1"]
[Site "chess.com INT"]
[Date "2020.05.25"]
[Round "7"]
[White "Bashirli, Nail"]
[Black "Shapkin, Anatoliy"]
[Result "1/2-1/2"]
[WhiteTitle "IM"]
[WhiteElo "2382"]
[BlackElo "2283"]
[WhiteFideId "13406809"]
[BlackFideId "34108332"]
[EventDate "2020.05.25"]

1. e4 e5 2. Nf3 Nc6 3. Nc3 Nf6 4. Bb5 Nd4 5. Bc4 Bc5 6. O-O d6 7. h3 O-O 8. d3
h6 9. Be3 Nxf3+ 10. Qxf3 Bb6 11. Rad1 Be6 12. Bb3 Qe7 13. d4 exd4 14. Bxd4 Bxd4
15. Rxd4 Rfe8 16. Re1 c6 17. Red1 Rad8 18. Qf4 Bxb3 19. axb3 Rd7 20. f3 Red8 21.
Ne2 Qe5 22. c3 a6 23. Kf2 Kf8 24. g4 Ke8 25. h4 g5 26. Qg3 Ke7 27. Rh1 Rg8 28.
hxg5 hxg5 29. Rh6 Rg6 30. Qxe5+ dxe5 31. Rxd7+ Nxd7 32. Rh8 Rd6 33. Ke3 Nc5 34.
Ng3 Rd3+ 35. Ke2 Rd8 36. Nf5+ Kd7 37. Rxd8+ Kxd8 38. b4 Na4 39. Nd6 f6 40. Nxb7+
Kc7 41. Nc5 Nxb2 42. Nxa6+ Kd6 43. Nc5 Nc4 44. Kd3 Nb2+ 45. Ke2 Nc4 46. Nb3 Kc7
47. Na5 Nd6 48. Kd3 Nf7 49. Nb3 Nh8 50. Nc5 Ng6 51. c4 Nh4 52. Ke3 Ng2+ 53. Kf2
Nf4 54. Ke3 Ng2+ 55. Kd2 Nh4 56. Ke2 Kd6 57. Nd3 Kc7 58. Ne1 Kd6 59. Nc2 Ng6 60.
Ne3 Nf4+ 61. Kd2 Kc7 62. Nf5 Ng6 63. c5 Kd7 64. Nd6 Nh4 65. Ke2 Ng6 66. Nc4 Nf4+
67. Kd2 Ng6 68. Ne3 Nh4 69. Ke2 Ng6 70. Nc4 Nf4+ 71. Ke3 Ng6 72. Nd2 Nf4 73. Nf1
Ng6 74. Kd3 Nh4 75. Nd2 Ng2 76. Kc3 Kc7 77. Kb3 Kb7 78. Ka4 Ka6 79. Kb3 Kb5 80.
Nc4 Nh4 81. Nd6+ Ka6 82. Ne8 Nxf3 83. Nxf6 Kb5 84. Ne8 Nd2+ 85. Ka3 Nxe4 86.
Nd6+ Nxd6 87. cxd6 Kb6 88. Kb3 Kb7 89. Kc4 Kc8 90. b5 cxb5+ 91. Kxb5 Kd7 92. Kc5
e4 93. Kd4 Kxd6 94. Kxe4 Ke6 95. Kd4 Kd6 96. Kc4 Kc6 97. Kd4 Kd6 98. Ke4 Ke6 99.
Kd4 Kd6 1/2-1/2

[Event "Euro Online U2300 Day 1"]
[Site "chess.com INT"]
[Date "2020.05.25"]
[Round "7"]
[White "Johansson, Carl Fredrik"]
[Black "Kukucka, Matej"]
[Result "1/2-1/2"]
[WhiteTitle "CM"]
[WhiteElo "2205"]
[BlackElo "2107"]
[WhiteFideId "1701576"]
[BlackFideId "14917270"]
[EventDate "2020.05.25"]

1. d4 Nf6 2. c4 g6 3. Nc3 d5 4. cxd5 Nxd5 5. e4 Nxc3 6. bxc3 Bg7 7. Bc4 c5 8.
Ne2 Nc6 9. Be3 O-O 10. h4 h5 11. Kf1 Na5 12. Bd3 b6 13. d5 e5 14. Qd2 c4 15. Bc2
Nb7 16. Ng3 Nd6 17. a4 f6 18. f3 Rf7 19. Kf2 Bd7 20. Rhb1 Bf8 21. Qe2 Rc8 22.
Rb4 f5 23. Bg5 Be7 24. Bxe7 Qxe7 25. a5 f4 26. Nf1 Qxh4+ 27. Kg1 b5 28. a6 g5
29. Qf2 Qxf2+ 30. Kxf2 g4 31. Nd2 g3+ 32. Ke2 h4 33. Rh1 Rh7 34. Rbb1 Kf7 35.
Rbc1 Rch8 36. Nb1 h3 37. gxh3 Rxh3 38. Rxh3 Rxh3 39. Rg1 Rh2+ 40. Kd1 g2 41. Ke2
Bc8 42. Kf2 Bxa6 43. Rxg2 Rxg2+ 44. Kxg2 Bb7 45. Kf2 a5 46. Ke2 Kf6 47. Na3 b4
48. cxb4 axb4 49. Nb1 b3 50. Bd1 Nb5 51. Kd2 Ba6 52. Nc3 Nd4 53. Kc1 Ke7 54. Kb2
Kd6 55. Ka3 Kc5 56. Na4+ Kb5 57. Nc3+ Ka5 58. d6 Nb5+ 59. Nxb5 Bxb5 60. Be2 b2
61. Ka2 Kb4 62. Kxb2 c3+ 63. Kc2 Ba4+ 64. Kc1 Kc5 65. Bd1 Bd7 66. Kc2 Kd4 67.
Be2 Ba4+ 68. Kc1 Ke3 69. Bd1 Bb5 70. Kc2 Kd4 71. Be2 Ba4+ 72. Kc1 Kc5 73. Bd1
Be8 74. Kc2 Kxd6 75. Kxc3 Kc5 76. Be2 Ba4 77. Kd2 Kd4 78. Ba6 Bb3 79. Bc8 Bc4
80. Bg4 Bf1 81. Ke1 Ba6 82. Kf2 Bb7 83. Bf5 Kd3 84. Bg6 Kd2 85. Bf5 Ba6 86. Bg6
Bb7 87. Bf5 Ba6 88. Bg6 Kd3 89. Bf5 Kd4 90. Bg6 Bb7 91. Bf5 Bc6 92. Bg6 Bd7 93.
Bh5 Be6 94. Bg6 Bd7 95. Bh5 Bc6 96. Bg6 Ba8 97. Bf5 Kd3 98. Bg6 Kd4 99. Bf5 Kc5
100. Bg6 Kd6 101. Bf5 Ke7 102. Bg6 Kf6 103. Bf5 Kg5 104. Bc8 Bc6 105. Bf5 Bb5
106. Be6 Kh4 1/2-1/2